| 000 | 00707nam a2200205Ii 4500 | ||
|---|---|---|---|
| 003 | JO-AjNU | ||
| 008 | 230606s9999||||xx |||||||||||||| ||und|| | ||
| 020 | _a0-471-13026-5 | ||
| 040 |
_aJO-AjNU _beng _erda _cJO-AjNU |
||
| 041 | _aeng | ||
| 050 | 1 | 4 | _aHF5601.G32 1996 |
| 100 | 3 |
_aDelaney,Patrick R/ James R .Adler/Barry J.Epstein/ Michael F .Foran, _eauthor _93143 |
|
| 245 | 0 | 0 | _a GAAP Interpretation and application of generally accepted accounting principles |
| 264 | 3 | 1 | _aNew York: John Wiley and Sons,1996 |
| 300 |
_a909p _bIncludes indexes 885-909 p |
||
| 336 |
_atext _btxt _2rdacontent |
||
| 337 |
_aunmediated _bn _2rdamedia |
||
| 338 |
_avolume _bnc _2rdacarrier |
||
| 650 | 4 |
_a Accounting _93144 |
|
| 999 |
_aE1647 _c1647 _d1647 |
||